000 00603nam a2200205Ia 4500
005 20250923145830.0
008 008 250917s9999 xx 000 0 eng d
037 _aTextual
040 _aDSWL
_beng
_cDSWL
041 _aeng
_2eng
084 _aYX,Z1-z4;6-B2, N88
_qDSWL
100 _aChowdhry, D.Paul
_9839387
245 0 _aInter-Country adoption: social and legal aspects
_c by D.Paul Chowdhry
260 _aNew Delhi
_b I.C.C.W.
_c1988
300 _axv,384p.
365 _aINR
_b225.00
925 _g225.00
942 _cTEXL
_hYX,Z1-z4;6-B2, N88
999 _c1456248
_d1456248